A Cost Effective Economic Denial of Sustainability (EDoS) Attack Mitigation Framework for E-Commerce Applications in Cloud Environments (Record no. 12280)
[ view plain ]
| 000 -LEADER | |
|---|---|
| fixed length control field | 00503nam a22001337a 4500 |
| 082 ## - DEWEY DECIMAL CLASSIFICATION NUMBER | |
| Classification number | MS-PhD-IT MUD |
| 100 ## - MAIN ENTRY--PERSONAL NAME | |
| Personal name | Muddassar Masood |
| 9 (RLIN) | 98565 |
| 245 ## - TITLE STATEMENT | |
| Title | A Cost Effective Economic Denial of Sustainability (EDoS) Attack Mitigation Framework for E-Commerce Applications in Cloud<br/><br/><br/><br/>Environments<br/> |
| 260 ## - PUBLICATION, DISTRIBUTION, ETC. | |
| Place of publication, distribution, etc. | Islamabad |
| Name of publisher, distributor, etc. | NUST SEECS |
| Date of publication, distribution, etc. | 2013 |
| 300 ## - PHYSICAL DESCRIPTION | |
| Extent | 39p. |
| Accompanying material | CD-ROM |
| 500 ## - GENERAL NOTE | |
| General note | Supervisors; Dr.Zahid Anwar |
| 856 ## - ELECTRONIC LOCATION AND ACCESS | |
| Uniform Resource Identifier | <a href="http://10.250.8.41:8080/xmlui/handle/123456789/9792">http://10.250.8.41:8080/xmlui/handle/123456789/9792</a> |
| 942 ## - ADDED ENTRY ELEMENTS (KOHA) | |
| Koha item type | Project Report |
| Source of classification or shelving scheme | |
| Withdrawn status | Lost status | Damaged status | Not for loan | Collection code | Permanent Location | Current Location | Shelving location | Date acquired | Total Checkouts | Full call number | Barcode | Date last seen | Price effective from | Koha item type | Source of classification or shelving scheme |
|---|---|---|---|---|---|---|---|---|---|---|---|---|---|---|---|
| Central Library (CL) | Central Library (CL) | General Stacks | 12/21/2013 | MS-PhD-IT MUD | SEECSP01291 | 12/21/2013 | 12/21/2013 | Project Report | |||||||
| Central Library (CL) | Central Library (CL) | Thesis | 10/14/2019 | 005 MS-PhD-IT MUD | CL-T-3463 | 10/14/2019 | 10/14/2019 | Thesis |
